Niños de la calle: el futuro en riesgo /
Đã lưu trong:
| Tác giả chính: | |
|---|---|
| Định dạng: | Texto |
| Những chủ đề: | |
| Các nhãn: |
Thêm thẻ
Không có thẻ, Là người đầu tiên thẻ bản ghi này!
|
MARC
| LEADER | 00000 a a2200000 04500 | ||
|---|---|---|---|
| 001 | 7062 | ||
| 003 | |||
| 040 | |||
| 100 | |a Fernández, Raquel | ||
| 245 | |a Niños de la calle: |b el futuro en riesgo / |c Raquel Fernández | ||
| 650 | |a NIÑOS | ||
| 650 | |a DERECHOS DEL NIÑO | ||
| 650 | |a ABUSO DE MENORES | ||
| 650 | |a NIÑOS DE LA CALLE | ||
| 650 | |a PROBLEMAS SOCIALES | ||
| 773 | |g volumen 12, número 142; páginas 40-49 | ||
| 999 | |c 34696 |d 34696 | ||
